[Event "XXVII Miedzynarodowy Festiwal Szachowy im. Jozefa Dominika"]
[Site "Dobczyce"]
[Date "2019.07.07"]
[Round "4.7"]
[White "Dziewonski, Dariusz"]
[Black "Seredyn, Dominik"]
[Result "1/2-1/2"]
[BlackElo "1737"]
[WhiteElo "1879"]
[LiveChessVersion "1.4.8"]

1. e4 {[%clk 1:30:57]} c5 {[%clk 1:30:46]} 2. Nf3 {[%clk 1:31:21]} g6
{[%clk 1:31:05]} 3. d4 {[%clk 1:31:46]} cxd4 {[%clk 1:31:26]} 4. Nxd4
{[%clk 1:32:09]} Bg7 {[%clk 1:31:48]} 5. c4 {[%clk 1:31:54]} Nc6 {[%clk 1:32:07]}
6. Nc2 {[%clk 1:31:17]} Nf6 {[%clk 1:29:36]} 7. Nc3 {[%clk 1:31:27]} O-O
{[%clk 1:29:36]} 8. Be3 {[%clk 1:27:25]} d6 {[%clk 1:27:01]} 9. Be2
{[%clk 1:25:24]} Bd7 {[%clk 1:25:27]} 10. O-O {[%clk 1:19:06]} Rc8
{[%clk 1:22:55]} 11. f3 {[%clk 1:12:49]} Qa5 {[%clk 1:19:45]} 12. Qd2
{[%clk 1:07:18]} Rfe8 {[%clk 1:15:14]} 13. Rad1 {[%clk 0:55:34]} Ne5
{[%clk 1:09:36]} 14. Na3 {[%clk 0:51:22]} a6 {[%clk 1:04:48]} 15. Nd5
{[%clk 0:44:12]} Qxd2 {[%clk 1:04:52]} 16. Rxd2 {[%clk 0:44:35]} Nxd5
{[%clk 1:05:09]} 17. exd5 {[%clk 0:44:42]} Rb8 {[%clk 1:01:35]} 18. Bb6
{[%clk 0:32:08]} Rec8 {[%clk 0:59:56]} 19. h3 {[%clk 0:25:35]} Be8
{[%clk 0:59:47]} 20. f4 {[%clk 0:20:37]} Nd7 {[%clk 1:00:02]} 21. Ba7
{[%clk 0:20:40]} Ra8 {[%clk 1:00:23]} 22. Bf2 {[%clk 0:20:33]} Nc5
{[%clk 0:55:36]} 23. Bf3 {[%clk 0:17:15]} b5 {[%clk 0:52:49]} 24. b3
{[%clk 0:08:42]} Kf8 {[%clk 0:46:48]} 25. Rfd1 {[%clk 0:06:16]} Rab8
{[%clk 0:41:05]} 26. Bd4 {[%clk 0:04:01]} Bf6 {[%clk 0:37:20]} 27. Bxf6
{[%clk 0:03:03]} exf6 {[%clk 0:37:45]} 28. Re1 {[%clk 0:02:57]} Bd7
{[%clk 0:37:04]} 29. g4 {[%clk 0:02:05]} Re8 {[%clk 0:36:53]} 30. Ree2
{[%clk 0:00:50]} Rxe2 {[%clk 0:34:26]} 31. Bxe2 {[%clk 0:01:19]} Ne4
{[%clk 0:33:57]} 32. Rc2 {[%clk 0:00:59]} b4 {[%clk 0:33:39]} 33. Nb1
{[%clk 0:01:21]} f5 {[%clk 0:33:15]} 34. g5 {[%clk 0:01:13]} a5 {[%clk 0:31:59]}
35. Bf3 {[%clk 0:00:36]} Ra8 {[%clk 0:30:28]} 36. Re2 {[%clk 0:00:33]} a4
{[%clk 0:29:51]} 37. Bxe4 {[%clk 0:00:32]} fxe4 {[%clk 0:30:12]} 38. Nd2
{[%clk 0:00:35]} axb3 {[%clk 0:29:53]} 39. axb3 {[%clk 0:00:42]} Ra2
{[%clk 0:29:32]} 40. Kf2 {[%clk 0:00:32]} Bf5 {[%clk 0:28:40]} 41. Ke3
{[%clk 0:00:32]} Rc2 {[%clk 0:27:19]} 42. Kf2 {[%clk 0:00:32]} Kg7
{[%clk 0:24:28]} 43. Nf1 {[%clk 0:00:35]} Rxe2+ {[%clk 0:21:21]} 44. Kxe2
{[%clk 0:01:05]} Bxh3 {[%clk 0:21:41]} 45. Nd2 {[%clk 0:00:45]} f5
{[%clk 0:13:15]} 46. gxf6+ {[%clk 0:01:10]} Kxf6 {[%clk 0:13:41]} 47. Nxe4+
{[%clk 0:01:35]} Kf5 {[%clk 0:14:06]} 48. Nxd6+ {[%clk 0:01:14]} Kxf4
{[%clk 0:14:29]} 49. Nb7 {[%clk 0:00:37]} h5 {[%clk 0:13:13]} 50. Nc5
{[%clk 0:00:37]} Ke5 {[%clk 0:10:49]} 51. Nd3+ {[%clk 0:00:48]} Kd6
{[%clk 0:11:13]} 52. c5+ {[%clk 0:00:40]} Kxd5 {[%clk 0:10:11]} 53. Nf4+
{[%clk 0:00:58]} Kxc5 {[%clk 0:10:37]} 54. Nxh3 {[%clk 0:01:22]} Kd4
{[%clk 0:11:02]} 55. Kd2 {[%clk 0:01:06]} Ke4 {[%clk 0:09:14]} 56. Ke2
{[%clk 0:01:17]} Ke5 1/2-1/2

[Event "XXVII Miedzynarodowy Festiwal Szachowy im. Jozefa Dominika"]
[Site "Dobczyce"]
[Date "2019.07.07"]
[Round "4.8"]
[White "Madej, Marek"]
[Black "Mirowska, Oliwia"]
[Result "1-0"]
[BlackElo "1735"]
[WhiteElo "1843"]
[LiveChessVersion "1.4.8"]

1. e4 {[%clk 1:30:40]} d6 {[%clk 1:30:31]} 2. f4 {[%clk 1:30:42]} e5
{[%clk 1:28:38]} 3. Nf3 {[%clk 1:25:01]} Nc6 {[%clk 1:18:57]} 4. Bb5
{[%clk 1:22:32]} Nge7 {[%clk 1:14:59]} 5. fxe5 {[%clk 1:21:40]} dxe5
{[%clk 1:15:15]} 6. d3 {[%clk 1:18:19]} Qd6 {[%clk 1:14:09]} 7. Nc3
{[%clk 1:15:42]} Bd7 {[%clk 1:11:04]} 8. Bc4 {[%clk 1:13:44]} Na5
{[%clk 1:08:22]} 9. Bb3 {[%clk 1:08:22]} Nxb3 {[%clk 1:07:47]} 10. axb3
{[%clk 1:08:38]} g6 {[%clk 1:04:08]} 11. O-O {[%clk 1:07:58]} Bg7
{[%clk 1:04:10]} 12. Be3 {[%clk 1:07:06]} a6 {[%clk 1:04:00]} 13. Qd2
{[%clk 1:03:38]} O-O {[%clk 1:03:56]} 14. Bh6 {[%clk 1:03:38]} Rad8
{[%clk 1:03:52]} 15. Rae1 {[%clk 0:57:44]} Rfe8 {[%clk 0:53:18]} 16. Bxg7
{[%clk 0:46:43]} Kxg7 {[%clk 0:53:44]} 17. Kh1 {[%clk 0:46:09]} Bc6
{[%clk 0:43:21]} 18. Qg5 {[%clk 0:42:59]} h6 {[%clk 0:40:17]} 19. Qxe5+
{[%clk 0:42:39]} Qxe5 {[%clk 0:37:06]} 20. Nxe5 {[%clk 0:41:52]} f6
{[%clk 0:37:15]} 21. Nxc6 {[%clk 0:42:17]} Nxc6 {[%clk 0:32:18]} 22. Nd5
{[%clk 0:41:27]} Rd6 {[%clk 0:31:35]} 23. c3 {[%clk 0:40:43]} Rc8
{[%clk 0:31:31]} 24. d4 {[%clk 0:40:28]} Na5 {[%clk 0:29:09]} 25. b4
{[%clk 0:40:12]} Nc4 {[%clk 0:28:17]} 26. Re2 {[%clk 0:38:55]} c6
{[%clk 0:25:02]} 27. Ne3 {[%clk 0:37:29]} Nxe3 {[%clk 0:25:17]} 28. Rxe3
{[%clk 0:37:54]} Re8 {[%clk 0:25:11]} 29. Kg1 {[%clk 0:37:58]} Rde6
{[%clk 0:22:14]} 30. Rfe1 {[%clk 0:37:39]} R8e7 {[%clk 0:21:49]} 31. g4
{[%clk 0:37:43]} g5 {[%clk 0:21:07]} 32. Kf2 {[%clk 0:37:32]} Kf8
{[%clk 0:20:56]} 33. R1e2 {[%clk 0:36:33]} Kf7 {[%clk 0:20:41]} 34. Ke1
{[%clk 0:36:57]} Ke8 {[%clk 0:20:30]} 35. Kd2 {[%clk 0:37:20]} Kd7
{[%clk 0:20:47]} 36. Kd3 {[%clk 0:37:34]} Kd6 {[%clk 0:17:36]} 37. c4 Re8 38. d5
{[%clk 0:34:00]} Re5 {[%clk 0:15:24]} 39. c5+ {[%clk 0:33:51]} Kd7
{[%clk 0:15:41]} 40. d6 {[%clk 0:34:05]} b6 {[%clk 0:15:46]} 41. Kc4
{[%clk 0:34:12]} Rb8 {[%clk 0:15:15]} 42. Ra3 {[%clk 0:28:18]} bxc5
{[%clk 0:13:54]} 43. bxc5 {[%clk 0:28:37]} Rbe8 {[%clk 0:13:13]} 44. Kd4
{[%clk 0:22:01]} Rb8 {[%clk 0:07:39]} 45. Rc3 {[%clk 0:20:19]} a5
{[%clk 0:07:42]} 46. Rc4 {[%clk 0:15:11]} Rb3 {[%clk 0:07:42]} 47. Rf2
{[%clk 0:12:23]} Re6 {[%clk 0:07:21]} 48. Ra4 {[%clk 0:11:20]} Rb5
{[%clk 0:07:44]} 49. b4 {[%clk 0:10:23]} axb4 {[%clk 0:07:27]} 50. Ra7+
{[%clk 0:10:24]} Ke8 {[%clk 0:07:22]} 51. Ra8+ {[%clk 0:10:44]} Kd7
{[%clk 0:07:29]} 52. Rfa2 {[%clk 0:11:10]} Rb7 {[%clk 0:01:38]} 53. R2a7
{[%clk 0:11:27]} Rxa7 {[%clk 0:02:04]} 54. Rxa7+ {[%clk 0:11:51]} Kd8
{[%clk 0:02:28]} 55. Rb7 {[%clk 0:12:13]} b3 {[%clk 0:01:33]} 56. Rxb3
{[%clk 0:12:39]} Kc8 {[%clk 0:01:01]} 57. Rb6 {[%clk 0:12:51]} Kd7
{[%clk 0:00:33]} 58. Rb7+ {[%clk 0:13:15]} 1-0

[Event "XXVII Miedzynarodowy Festiwal Szachowy im. Jozefa Dominika"]
[Site "Dobczyce"]
[Date "2019.07.07"]
[Round "4.9"]
[White "Jalowiec, Halina"]
[Black "Klementys, Jerzy"]
[Result "1-0"]
[BlackElo "1656"]
[WhiteElo "1919"]
[LiveChessVersion "1.4.8"]

1. e4 {[%clk 1:30:35]} c5 {[%clk 1:30:59]} 2. Nf3 {[%clk 1:31:01]} d6
{[%clk 1:31:22]} 3. d4 {[%clk 1:31:29]} cxd4 {[%clk 1:31:46]} 4. Nxd4
{[%clk 1:31:56]} Nf6 {[%clk 1:32:08]} 5. Nc3 {[%clk 1:32:23]} a6 {[%clk 1:32:28]}
6. Be2 {[%clk 1:32:26]} e5 {[%clk 1:32:38]} 7. Nb3 {[%clk 1:32:28]} Be6
{[%clk 1:33:01]} 8. O-O {[%clk 1:32:45]} Be7 {[%clk 1:33:28]} 9. Bg5
{[%clk 1:32:35]} Nbd7 {[%clk 1:33:51]} 10. h3 {[%clk 1:32:07]} b5
{[%clk 1:31:49]} 11. a3 {[%clk 1:32:26]} Qc7 {[%clk 1:32:07]} 12. Qd2
{[%clk 1:31:39]} Rc8 {[%clk 1:32:29]} 13. Rac1 {[%clk 1:31:41]} h6
{[%clk 1:32:04]} 14. Be3 {[%clk 1:31:55]} Nb6 {[%clk 1:32:02]} 15. Bxb6
{[%clk 1:28:38]} Qxb6 {[%clk 1:32:30]} 16. Nd5 {[%clk 1:28:55]} Nxd5
{[%clk 1:29:58]} 17. exd5 {[%clk 1:29:07]} Bd7 {[%clk 1:30:21]} 18. Qd3
{[%clk 1:27:10]} O-O {[%clk 1:30:34]} 19. Nd2 {[%clk 1:26:25]} f5
{[%clk 1:31:02]} 20. Qb3 {[%clk 1:25:32]} e4 {[%clk 1:27:47]} 21. c4
{[%clk 1:25:14]} Bg5 {[%clk 1:26:30]} 22. Rc2 {[%clk 1:22:34]} e3
{[%clk 1:25:24]} 23. fxe3 {[%clk 1:19:48]} Bxe3+ {[%clk 1:25:40]} 24. Kh1
{[%clk 1:20:07]} f4 {[%clk 1:25:39]} 25. cxb5 {[%clk 1:18:06]} axb5
{[%clk 1:18:21]} 26. Rxc8 {[%clk 1:16:30]} Rxc8 {[%clk 1:18:16]} 27. Ne4
{[%clk 1:16:45]} Bf5 {[%clk 1:17:46]} 28. Nc3 {[%clk 1:16:43]} Qd8
{[%clk 1:15:59]} 29. Nd1 {[%clk 1:08:51]} Bc2 {[%clk 1:07:09]} 30. Qxb5
{[%clk 1:06:51]} Rb8 {[%clk 1:07:19]} 31. Qc4 {[%clk 1:06:11]} Bxd1
{[%clk 1:07:39]} 32. Bxd1 {[%clk 1:06:17]} Rxb2 {[%clk 1:08:07]} 33. Bc2
{[%clk 1:06:22]} Rb8 {[%clk 1:04:57]} 34. Qe4 {[%clk 1:06:17]} Qf6
{[%clk 1:01:23]} 35. g3 {[%clk 1:01:40]} g5 {[%clk 0:55:04]} 36. Qxe3
{[%clk 0:51:51]} fxe3 {[%clk 0:54:39]} 37. Rxf6 {[%clk 0:52:08]} Rb2
{[%clk 0:54:50]} 38. Bd1 {[%clk 0:49:14]} Rd2 {[%clk 0:52:36]} 39. Bg4
{[%clk 0:46:05]} e2 {[%clk 0:52:00]} 40. Bxe2 {[%clk 0:46:15]} Rxe2
{[%clk 0:52:28]} 41. Rxh6 {[%clk 0:46:29]} Re3 {[%clk 0:52:47]} 42. Kg2
{[%clk 0:46:51]} Kg7 {[%clk 0:52:02]} 43. Rxd6 {[%clk 0:46:56]} Rxa3
{[%clk 0:52:29]} 44. Rd8 {[%clk 0:46:06]} Kf7 {[%clk 0:52:00]} 45. d6
{[%clk 0:46:28]} Ke6 {[%clk 0:49:21]} 46. Rg8 {[%clk 0:45:23]} Ra5
{[%clk 0:49:43]} 47. Kf3 {[%clk 0:45:38]} Kxd6 {[%clk 0:50:03]} 48. Kg4
{[%clk 0:46:04]} Ke6 {[%clk 0:50:09]} 49. Rxg5 {[%clk 0:46:12]} Ra4+
{[%clk 0:50:31]} 50. Kh5 {[%clk 0:46:29]} Kf7 {[%clk 0:50:59]} 51. h4
{[%clk 0:46:04]} Ra8 {[%clk 0:51:18]} 52. Rc5 {[%clk 0:45:42]} Rh8+
{[%clk 0:51:34]} 53. Kg5 {[%clk 0:46:06]} Rg8+ {[%clk 0:52:00]} 54. Kf4
{[%clk 0:46:32]} Ra8 {[%clk 0:52:19]} 55. Kf5 {[%clk 0:46:31]} Ra7
{[%clk 0:52:43]} 56. h5 {[%clk 0:46:46]} Kg7 {[%clk 0:53:07]} 57. g4
{[%clk 0:47:09]} Rf7+ {[%clk 0:53:26]} 58. Kg5 {[%clk 0:46:55]} Ra7
{[%clk 0:53:50]} 59. h6+ {[%clk 0:46:34]} Kh7 {[%clk 0:54:13]} 60. Kh5
{[%clk 0:46:48]} Ra1 {[%clk 0:54:16]} 61. Rc7+ {[%clk 0:46:57]} Kh8
{[%clk 0:54:31]} 62. Rf7 {[%clk 0:46:20]} Kg8 {[%clk 0:54:18]} 63. Rg7+
{[%clk 0:42:27]} Kh8 {[%clk 0:54:36]} 64. Re7 {[%clk 0:40:47]} Ra5+
{[%clk 0:53:23]} 65. g5 {[%clk 0:40:50]} Rb5 {[%clk 0:53:52]} 66. Kg6
{[%clk 0:40:44]} Rb6+ {[%clk 0:54:21]} 67. Kf5 {[%clk 0:41:01]} Rb5+
{[%clk 0:54:47]} 68. Re5 {[%clk 0:41:02]} Rb1 {[%clk 0:54:47]} 69. Kf6
{[%clk 0:38:40]} Kg8 {[%clk 0:54:45]} 70. Re8+ {[%clk 0:37:23]} Kh7
{[%clk 0:55:13]} 71. g6+ {[%clk 0:37:07]} 1-0

[Event "XXVII Miedzynarodowy Festiwal Szachowy im. Jozefa Dominika"]
[Site "Dobczyce"]
[Date "2019.07.08"]
[Round "5.1"]
[White "Kyc, Jerzy"]
[Black "Luberanski, Jakub"]
[Result "0-1"]
[BlackElo "2010"]
[WhiteElo "2279"]
[LiveChessVersion "1.4.8"]

1. e4 {[%clk 1:30:59]} c5 {[%clk 1:30:59]} 2. Nf3 {[%clk 1:31:28]} e6
{[%clk 1:31:23]} 3. d4 {[%clk 1:31:57]} cxd4 {[%clk 1:31:47]} 4. Nxd4
{[%clk 1:32:26]} Nf6 {[%clk 1:32:15]} 5. Bd3 {[%clk 1:32:40]} Nc6
{[%clk 1:32:40]} 6. Nxc6 {[%clk 1:32:59]} dxc6 {[%clk 1:33:08]} 7. O-O
{[%clk 1:33:02]} e5 {[%clk 1:33:30]} 8. Bg5 {[%clk 1:33:05]} Be7 {[%clk 1:32:44]}
9. Nd2 {[%clk 1:33:21]} Nd7 {[%clk 1:27:00]} 10. Bxe7 {[%clk 1:32:10]} Qxe7
{[%clk 1:27:28]} 11. Qe2 {[%clk 1:31:19]} O-O {[%clk 1:26:42]} 12. Nc4
{[%clk 1:26:28]} Nb6 {[%clk 1:17:01]} 13. Ne3 {[%clk 1:18:29]} Be6
{[%clk 1:15:42]} 14. Kh1 {[%clk 1:18:34]} Na4 {[%clk 1:14:18]} 15. c3
{[%clk 1:17:27]} Nc5 {[%clk 1:13:13]} 16. Bc2 {[%clk 1:17:42]} a5
{[%clk 1:08:00]} 17. Qh5 {[%clk 1:13:26]} f6 {[%clk 1:00:05]} 18. b4
{[%clk 1:06:27]} axb4 {[%clk 0:58:31]} 19. cxb4 {[%clk 1:06:56]} Nd7
{[%clk 0:53:50]} 20. a3 {[%clk 1:06:45]} g6 {[%clk 0:53:08]} 21. Qe2
{[%clk 1:06:53]} Nb6 {[%clk 0:48:49]} 22. Qd3 {[%clk 0:56:35]} Rfd8
{[%clk 0:46:35]} 23. Qc3 {[%clk 0:53:07]} Rd4 {[%clk 0:38:31]} 24. f4
{[%clk 0:53:18]} Rad8 {[%clk 0:36:43]} 25. f5 {[%clk 0:49:41]} Bc4
{[%clk 0:36:02]} 26. fxg6 {[%clk 0:46:02]} hxg6 {[%clk 0:35:30]} 27. Rf3
{[%clk 0:42:43]} Kg7 {[%clk 0:29:28]} 28. Rg3 {[%clk 0:36:26]} Be6
{[%clk 0:28:45]} 29. Rf1 {[%clk 0:24:27]} Nc4 {[%clk 0:23:54]} 30. Ng4
{[%clk 0:17:41]} Bxg4 {[%clk 0:17:24]} 31. Rxg4 {[%clk 0:18:10]} Nd2
{[%clk 0:16:39]} 32. Re1 {[%clk 0:18:39]} Rc4 {[%clk 0:10:42]} 33. Qg3
{[%clk 0:14:57]} Qf7 {[%clk 0:10:59]} 34. Bb1 {[%clk 0:14:45]} Nxb1
{[%clk 0:09:53]} 35. Rxb1 {[%clk 0:15:14]} Rcd4 {[%clk 0:07:57]} 36. h4
{[%clk 0:12:09]} Rd3 {[%clk 0:08:14]} 37. Qf2 {[%clk 0:12:38]} Rxa3
{[%clk 0:06:03]} 38. Rf1 {[%clk 0:11:17]} Rf8 {[%clk 0:04:40]} 39. Rd1
{[%clk 0:06:22]} f5 {[%clk 0:02:55]} 40. Rg5 {[%clk 0:06:00]} fxe4
{[%clk 0:02:20]} 41. Qb2 {[%clk 0:06:11]} Rh3+ {[%clk 0:01:45]} 42. Kg1
{[%clk 0:05:42]} Rxh4 {[%clk 0:01:54]} 43. Qxe5+ {[%clk 0:03:46]} Kh6
{[%clk 0:01:56]} 44. Qg3 {[%clk 0:02:52]} Qf4 {[%clk 0:01:35]} 45. Rxg6+
{[%clk 0:03:01]} Kh5 {[%clk 0:02:04]} 46. Qxf4 {[%clk 0:01:43]} Rhxf4
{[%clk 0:02:32]} 47. Re6 {[%clk 0:01:56]} Kg4 {[%clk 0:02:22]} 48. Rg6+
{[%clk 0:01:17]} Kf5 {[%clk 0:02:38]} 49. Rg7 {[%clk 0:01:43]} b5
{[%clk 0:01:58]} 50. Rc1 {[%clk 0:01:13]} e3 {[%clk 0:01:30]} 51. Re7
{[%clk 0:00:48]} Rxb4 {[%clk 0:01:07]} 52. Rxe3 {[%clk 0:00:35]} Rg8
{[%clk 0:00:49]} 53. Rxc6 {[%clk 0:00:37]} Rb1+ {[%clk 0:01:08]} 54. Kh2
{[%clk 0:00:34]} Rb2 {[%clk 0:01:14]} 55. Rc5+ {[%clk 0:00:45]} Kf4
{[%clk 0:01:34]} 56. Rf3+ {[%clk 0:00:47]} Ke4 {[%clk 0:02:01]} 57. Rg3
{[%clk 0:00:40]} Rxg3 {[%clk 0:02:14]} 58. Kxg3 {[%clk 0:01:07]} b4
{[%clk 0:02:25]} 59. Kh3 {[%clk 0:01:22]} b3 {[%clk 0:02:30]} 60. g4
{[%clk 0:01:48]} Kd4 {[%clk 0:02:33]} 61. Rb5 {[%clk 0:01:49]} Kc3
{[%clk 0:02:28]} 62. g5 {[%clk 0:02:10]} Rd2 {[%clk 0:02:14]} 63. Kh4
{[%clk 0:00:39]} b2 {[%clk 0:01:15]} 64. Rxb2 {[%clk 0:00:36]} Rxb2
{[%clk 0:01:38]} 65. g6 {[%clk 0:01:00]} Kd4 {[%clk 0:01:48]} 66. Kg5
{[%clk 0:00:34]} Ke5 {[%clk 0:02:10]} 67. g7 {[%clk 0:00:53]} Rg2+
{[%clk 0:02:34]} 68. Kh6 {[%clk 0:01:18]} Kf6 {[%clk 0:02:59]} 69. Kh7
{[%clk 0:01:43]} Rxg7+ {[%clk 0:03:25]} 70. Kh8 {[%clk 0:02:11]} Ra7
{[%clk 0:03:45]} 0-1

[Event "XXVII Miedzynarodowy Festiwal Szachowy im. Jozefa Dominika"]
[Site "Dobczyce"]
[Date "2019.07.08"]
[Round "5.2"]
[White "Widla, Piotr"]
[Black "Gbyl, Andrzej"]
[Result "1/2-1/2"]
[BlackElo "2234"]
[WhiteElo "1989"]
[LiveChessVersion "1.4.8"]

1. e4 {[%clk 1:30:58]} c6 {[%clk 1:30:44]} 2. d4 {[%clk 1:31:23]} d5
{[%clk 1:31:07]} 3. Nc3 {[%clk 1:31:50]} dxe4 {[%clk 1:31:31]} 4. Nxe4
{[%clk 1:32:15]} Bf5 {[%clk 1:31:56]} 5. Ng3 {[%clk 1:32:41]} Bg6
{[%clk 1:32:20]} 6. Nh3 {[%clk 1:33:06]} e6 {[%clk 1:25:01]} 7. Nf4
{[%clk 1:32:59]} Bd6 {[%clk 1:22:52]} 8. Nfh5 {[%clk 1:17:24]} Bxh5
{[%clk 1:18:25]} 9. Nxh5 {[%clk 1:14:26]} g6 {[%clk 1:18:44]} 10. Ng3
{[%clk 1:14:41]} Nf6 {[%clk 1:18:54]} 11. c3 {[%clk 1:14:43]} Nbd7
{[%clk 1:19:09]} 12. Bg5 {[%clk 1:12:18]} Qa5 {[%clk 1:17:11]} 13. Bxf6
{[%clk 1:09:53]} Nxf6 {[%clk 1:17:33]} 14. Qf3 {[%clk 1:10:10]} Be7
{[%clk 1:10:27]} 15. Ne4 {[%clk 1:08:50]} Nxe4 {[%clk 1:01:40]} 16. Qxe4
{[%clk 1:07:47]} O-O-O {[%clk 1:01:33]} 17. Be2 {[%clk 1:07:19]} Qd5
{[%clk 0:46:53]} 1/2-1/2

[Event "XXVII Miedzynarodowy Festiwal Szachowy im. Jozefa Dominika"]
[Site "Dobczyce"]
[Date "2019.07.08"]
[Round "5.3"]
[White "Slabek, Grzegorz"]
[Black "Cisek, Kamil"]
[Result "1/2-1/2"]
[BlackElo "1891"]
[WhiteElo "1953"]
[LiveChessVersion "1.4.8"]

1. Nf3 {[%clk 1:30:54]} d5 {[%clk 1:30:51]} 2. e3 {[%clk 1:31:17]} Nf6
{[%clk 1:30:58]} 3. Be2 {[%clk 1:31:39]} e6 {[%clk 1:30:41]} 4. O-O
{[%clk 1:32:00]} Bd6 {[%clk 1:30:22]} 5. d4 {[%clk 1:32:21]} O-O {[%clk 1:29:35]}
6. b3 {[%clk 1:32:38]} b6 {[%clk 1:28:49]} 7. Bb2 {[%clk 1:32:57]} Bb7
{[%clk 1:27:52]} 8. Nbd2 {[%clk 1:32:57]} Nbd7 {[%clk 1:23:59]} 9. Ne5
{[%clk 1:32:47]} c5 {[%clk 1:20:08]} 10. f4 {[%clk 1:30:56]} Rc8 {[%clk 1:11:47]}
11. c4 {[%clk 1:31:05]} Bb8 {[%clk 1:03:29]} 12. Bf3 {[%clk 1:26:34]} Re8
{[%clk 0:51:03]} 13. g3 {[%clk 1:25:23]} Nf8 {[%clk 0:49:41]} 14. Rc1
{[%clk 1:25:14]} N6d7 {[%clk 0:42:38]} 15. Qe2 {[%clk 1:24:13]} f6
{[%clk 0:41:59]} 16. Nd3 {[%clk 1:24:13]} Ng6 {[%clk 0:32:03]} 17. Qg2
{[%clk 1:23:08]} cxd4 {[%clk 0:31:07]} 18. exd4 {[%clk 1:22:55]} Ndf8
{[%clk 0:28:49]} 19. Rfe1 {[%clk 1:21:44]} Qd7 {[%clk 0:27:56]} 20. h4
{[%clk 1:20:20]} Rc7 {[%clk 0:23:51]} 21. c5 {[%clk 1:17:27]} Rcc8
{[%clk 0:21:31]} 22. a4 {[%clk 1:14:52]} Nh8 {[%clk 0:17:26]} 23. Ra1
{[%clk 1:11:07]} Ba6 {[%clk 0:15:05]} 24. Nb4 {[%clk 1:11:28]} Bb7
{[%clk 0:15:25]} 25. Be2 {[%clk 1:09:29]} Red8 {[%clk 0:08:19]} 26. Bb5
{[%clk 1:07:21]} Qe7 {[%clk 0:08:27]} 27. Ba3 {[%clk 1:04:57]} bxc5
{[%clk 0:08:31]} 28. Na6 {[%clk 1:04:26]} Bd6 {[%clk 0:06:18]} 29. dxc5
{[%clk 1:04:43]} Bxa6 {[%clk 0:06:19]} 30. cxd6 {[%clk 1:04:55]} Qb7
{[%clk 0:06:45]} 31. Qe2 {[%clk 1:03:49]} Bxb5 {[%clk 0:06:58]} 32. Qxb5
{[%clk 1:04:05]} Qxb5 {[%clk 0:07:10]} 33. axb5 {[%clk 1:04:31]} Nf7
{[%clk 0:06:41]} 34. d7 {[%clk 1:02:52]} Rxd7 {[%clk 0:06:48]} 35. Bxf8 Kxf8 36.
Rxe6 Rb8 37. Rae1 1/2-1/2

[Event "XXVII Miedzynarodowy Festiwal Szachowy im. Jozefa Dominika"]
[Site "Dobczyce"]
[Date "2019.07.08"]
[Round "5.4"]
[White "Kawalko, Adam"]
[Black "Cichon, Jakub"]
[Result "1-0"]
[BlackElo "1707"]
[WhiteElo "1920"]
[LiveChessVersion "1.4.8"]

1. e4 {[%clk 1:30:58]} c5 {[%clk 1:30:40]} 2. Nf3 {[%clk 1:31:15]} d6
{[%clk 1:31:06]} 3. d4 {[%clk 1:31:36]} cxd4 {[%clk 1:31:29]} 4. Nxd4
{[%clk 1:31:56]} Nf6 {[%clk 1:31:52]} 5. Nc3 {[%clk 1:32:22]} a6 {[%clk 1:32:18]}
6. Be3 {[%clk 1:32:42]} e5 {[%clk 1:32:41]} 7. Nb3 {[%clk 1:33:06]} Be7
{[%clk 1:32:36]} 8. f3 {[%clk 1:33:21]} Be6 {[%clk 1:32:29]} 9. Qd2
{[%clk 1:33:40]} Nbd7 {[%clk 1:31:52]} 10. O-O-O {[%clk 1:33:05]} O-O
{[%clk 1:29:00]} 11. g4 {[%clk 1:32:15]} b5 {[%clk 1:29:12]} 12. h4
{[%clk 1:31:30]} Nb6 {[%clk 1:28:52]} 13. Bxb6 {[%clk 1:29:00]} Qxb6
{[%clk 1:28:58]} 14. h5 {[%clk 1:27:06]} b4 {[%clk 1:07:39]} 15. Nd5
{[%clk 1:26:36]} Nxd5 {[%clk 1:05:02]} 16. exd5 {[%clk 1:27:03]} Bd7
{[%clk 1:05:24]} 17. g5 {[%clk 1:23:34]} a5 {[%clk 1:02:58]} 18. Kb1
{[%clk 1:23:06]} a4 {[%clk 1:02:28]} 19. Nc1 {[%clk 1:23:25]} Bf5
{[%clk 0:47:17]} 20. Bd3 {[%clk 1:19:27]} Bxd3 {[%clk 0:46:38]} 21. Nxd3
{[%clk 1:19:22]} b3 {[%clk 0:45:33]} 22. cxb3 {[%clk 1:18:55]} axb3
{[%clk 0:45:51]} 23. a3 {[%clk 1:19:19]} Rfc8 {[%clk 0:42:57]} 24. Nb4
{[%clk 1:11:06]} Rc4 {[%clk 0:38:03]} 25. g6 {[%clk 1:02:02]} Ra4
{[%clk 0:25:54]} 26. h6 {[%clk 0:50:34]} fxg6 {[%clk 0:24:22]} 27. Nc6
{[%clk 0:48:44]} Bf6 {[%clk 0:19:29]} 28. Qg2 {[%clk 0:48:16]} Qc5
{[%clk 0:17:56]} 29. Qh3 {[%clk 0:47:11]} Ra8 {[%clk 0:10:48]} 30. Qe6+
{[%clk 0:42:23]} Kh8 {[%clk 0:10:38]} 31. hxg7+ {[%clk 0:42:35]} Bxg7
{[%clk 0:10:52]} 32. Rxh7+ {[%clk 0:41:28]} Kxh7 {[%clk 0:11:12]} 33. Rh1+
{[%clk 0:41:54]} Rh4 {[%clk 0:10:57]} 34. Rxh4+ {[%clk 0:42:16]} Bh6
{[%clk 0:11:21]} 35. Qf7+ {[%clk 0:42:31]} 1-0